| 000 | 00795cam a2200193 i 4500 | ||
|---|---|---|---|
| 020 | _a039300743X | ||
| 082 |
_a150.159 _bFRE _cml29.p64 |
||
| 100 | 1 |
_aFreud, Sigmund, _937011 |
|
| 245 | 1 | 0 |
_aNew introductory lectures on psychoanalysis / _cSigmund Freud ; newly translated and edited by James Strachey. _bVol 1 |
| 260 |
_aNew York : _bNorton, _cc1965. |
||
| 300 |
_a557 p. ; _c18 cm. |
||
| 500 | _aThis translation first published as v. 22 of the Standard edition of the complete psychological works of Sigmund Freud, London, 1964. | ||
| 500 | _aTranslation of Neue Folge der Vorlesungen zur Einführung in die Psychoanalyse. | ||
| 526 |
_a0 _b0 _c0 _d150_159000000000000_FRE |
||
| 650 | 0 |
_aMCE _9379 |
|
| 650 | 0 |
_aPsychoanalysis. _911876 |
|
| 700 | 1 |
_aStrachey, James. _937082 |
|
| 942 |
_2ddc _cBK |
||
| 999 |
_c542007 _d542007 |
||